Finale Mondiali Spagna 1982 - Statistics

Statistiche generali
  • Questo quiz è stato fatto 174 volte
  • Il punteggio medio è 12 su 26
Statistiche sulle risposte
Italia % Corretto
1 Zoff
99%
20 Rossi
94%
14 Tardelli
85%
7 Scirea
81%
4 Cabrini
79%
18 Altobelli
72%
19 Graziani
72%
16 Conti
71%
3 Bergomi
70%
6 Gentile
70%
5 Collovati
56%
13 Oriali
52%
15 Causio
45%
10 Muller
43%
1 Schumacher
43%
11 Rummenigge
37%
3 Breitner
35%
2 Briegel
22%
7 Littbarski
20%
20 Kaltz
13%
5 B. Forster
12%
4 K. Forster
12%
15 Stielike
12%
9 Hrubesch
11%
8 Fischer
8%
6 Dremmler
6%
Nessun quiz corrispondente trovato
Distribuzione punteggi
Percentuale di utenti per punteggio
Percentile per numero di risposta
I tuoi punteggi nel tempo
Non hai fatto questo quiz